000 00631nam a22002057a 4500
999 _c182112
_d182112
005 20211025152001.0
010 _aENG-130063
020 _a978-93-5287-997-7
_c750.00
035 _aEN-113595
037 _bDBAD/PUB
082 _a301
100 _aWalia,Sheley
245 _aHumanities At The CrossRoads:
_bReflections on Theory,Culture And Resistance
_cby Shelley Walia
250 _a2020
260 _bORIENT BLACKSWAN PRIVATE LIMITED
_c2020
_aTelangana
270 _a3-6-752, Himayatnagar
_e500 029
_bHyderabad
300 _axi,207p
_c22cm (hbk)
500 _ainclude index
942 _2ddc
_cEN
_h301
_mWAL